| 000 | 00464nam a22001697a 4500 | ||
|---|---|---|---|
| 005 | 20251108164654.0 | ||
| 008 | 250721s1983 xx 000 0 ara d | ||
| 082 | 1 | 4 | _a811.06/عاد |
| 100 | 1 | _aعزت، عادل | |
| 245 | 1 | 0 | _aالمتصوفون الشعراء في الزمن العصيب / |
| 264 |
_bالمؤلف، _c1983. |
||
| 300 | _a1983 | ||
| 650 | 1 | 7 | _aالشعر الديني |
| 650 | 1 | 7 | _aشعر التصوف |
| 942 |
_2ddc _cBK |
||
| 999 |
_c11473 _d11473 |
||